Human rights factor in decision deadlines (Record no. 65700)
[ view plain ]
| 000 -LEADER | |
|---|---|
| fixed length control field | 01340cam a2200229 4500 |
| 001 - CONTROL NUMBER | |
| control field | ABS63335 |
| 008 - FIXED-LENGTH DATA ELEMENTS--GENERAL INFORMATION | |
| fixed length control field | 000000n2000 000 0 eng u |
| 035 ## - SYSTEM CONTROL NUMBER | |
| System control number | (Sirsi) u110165 |
| 100 ## - MAIN ENTRY--PERSONAL NAME | |
| Personal name | Drummond, I |
| 245 ## - TITLE STATEMENT | |
| Title | Human rights factor in decision deadlines |
| 260 ## - PUBLICATION, DISTRIBUTION, ETC. | |
| Date of publication, distribution, etc. | 2000 |
| 490 ## - SERIES STATEMENT | |
| Series statement | Planning (for the Natural and Built Environment) |
| Volume/sequential designation | (1397) 1 December 2000, 22(1) |
| 520 ## - SUMMARY, ETC. | |
| Summary, etc. | Describes how the European Convention on Human Rights helped to resolve a 10-year delay on a court decision involving a planning decision for a super-quarry in Scotland. The recent judicial review in "Lafarge Redland Aggregates Ltd v Scottish Ministers" reminded the latter that they are subject to censure in carrying out their duties and must abide by the requirements of the convention. It is now clear that developers in the planning process are afforded the protection of human rights. The actions of local and executive planning authorities will therefore be subject to even more court scrutiny. |
| 590 ## - LOCAL NOTE (RLIN) | |
| Local note | ABS |
| 650 ## - SUBJECT ADDED ENTRY--TOPICAL TERM | |
| Topical term or geographic name entry element | CONVENTION FOR THE PROTECTION OF HUMAN RIGHTS AND FUNDAMENTAL FREEDOMS |
| 650 ## - SUBJECT ADDED ENTRY--TOPICAL TERM | |
| Topical term or geographic name entry element | PLANNING PROCESS |
| 650 ## - SUBJECT ADDED ENTRY--TOPICAL TERM | |
| Topical term or geographic name entry element | LAFARGE REDLAND AGGREGATES LTD V SCOTTISH MINISTERS |
| 650 ## - SUBJECT ADDED ENTRY--TOPICAL TERM | |
| Topical term or geographic name entry element | SUPER-QUARRIES |
| 650 ## - SUBJECT ADDED ENTRY--TOPICAL TERM | |
| Topical term or geographic name entry element | SCOTLAND |
| 690 ## - LOCAL SUBJECT ADDED ENTRY--TOPICAL TERM (OCLC, RLIN) | |
| Topical term or geographic name as entry element | ENVIRONMENTAL AND LAND CONSULTANCY-PLANNING AND DEVELOPMENT |
| 942 ## - ADDED ENTRY ELEMENTS (KOHA) | |
| Suppress in OPAC | 0 |
| Withdrawn status | Lost status | Source of classification or shelving scheme | Damaged status | Not for loan | Home library | Current library | Shelving location | Date acquired | Total Checkouts | Full call number | Barcode | Date last seen | Copy number | Price effective from | Koha item type |
|---|---|---|---|---|---|---|---|---|---|---|---|---|---|---|---|
| Dewey Decimal Classification | London | London | Journal article | 05/01/2001 | ABS63335 | 110165-1001 | 06/08/2019 | 1 | 06/08/2019 | Journal article |